00000000cam 2200000zi 4500
0019.956215
003CaOODSP
00520260602104226
006m     o  d f      
007cr cn|||||||||
008251009e202512  oncd    obs  f000 0 eng d
020 |a9780660792866
040 |aCaOODSP|beng|erda|cCaOODSP
043 |an-cn---
0861 |aT94-54/2025-2E-PDF
24500|aEveryone counts 2024 : |bhighlights report, part 2 - survey of people experiencing homelessness.
264 1|aOttawa, Ontario : |bHousing, Infrastructure and Communities Canada = Logement, Infrastructures et Collectivités Canada, |cDecember 2025.
264 4|c©2025
300 |a1 online resource (39 pages) : |bcharts
336 |atext|btxt|2rdacontent
337 |acomputer|bc|2rdamedia
338 |aonline resource|bcr|2rdacarrier
500 |aCover title.
500 |aIssued also in French under title: Tout le monde compte 2024 : rapport sur les faits saillants, partie 2 - sondage auprès des personnes en situation d'itinérance.
504 |aIncludes bibliographical references.
650 0|aHomeless persons|zCanada|xStatistics.
655 7|aStatistics|2lcgft
7101 |aCanada. |bHousing, Infrastructure and Communities Canada, |eissuing body.
77508|tTout le monde compte 2024 : |w(CaOODSP)9.956216
85640|qPDF|s862 KB|uhttps://publications.gc.ca/collections/collection_2026/licc-hicc/T94-54-2025-2-eng.pdf
8564 |qHTML|sN/A|uhttps://housing-infrastructure.canada.ca/homelessness-sans-abri/reports-rapports/pit-counts-dp-2024-highlights-p2-eng.html